000 01166nam a22003377a 4500
003 CHAP
005 20220329135626.0
008 971013s1958 r 00010 d
010 _a39546
011 _a40518
035 _a44644
040 _cCHAP
090 _aTesis
100 0 0 _aMontes Gutiérrez, Hermilo.
_977878
245 _aIntroducción de nuevas variedades de caña de azúcar y ensaye de híbridos Mex a la regi;on de Papaloapan, Ver.
260 _aChpaingo, Méx. :
_bEl autor,
_c1958
300 _a63 h
502 _aTesis (Ing. Agr. Esp. en Fitotecnia) -- ENA. Departamento de Fitotecnia
590 _aALEPH
_b10
_c20130110
_lUCH01
_h1307
590 _aBATCH-UPD
_b10
_c20130110
_lUCH01
_h1223
590 _aBATCH-UPD
_b10
_c20130410
_lUCH01
_h0756
590 _aBATCH-UPD
_b10
_c20130914
_lUCH01
_h0835
590 _aCONVERSION
_b10
_c20130109
_lUCH01
_h1322
650 1 4 _aCaña de azúcar
_xMejoramiento.
_918626
650 1 4 _aCaña de azúcar
_xVariedades.
_918661
650 1 4 _aCaña de azúcar
_zVeracruz.
_918672
901 _aBK
942 _cFOLL
949 _bBC
_cTES
_d-102298
_eTS1
_i44644
_si
949 _bBC
_cTES
_d-102300
_eTS2
_fc.2
_i44644
_si
999 _c39546
_d39546